000 00530nam a2200169Ia 4500
008 090201s9999 xx 000 0 und d
010 _aKPL-32289
040 _bमराठी
041 _aमराठी
082 _a35793
_b32289
100 _aशशिकला साळगावकर
245 _aकाटशह
_cशशिकला साळगावकर
260 _c2004
_bश्रीविद्या प्रकाशन
300 _a152
_bमोठा
600 _aकाटशह
942 _cBOOK
999 _c233836
_d233836